000 00265nam a22001097a 4500
082 _a170/SHA
100 _aShastri, Satya Vrat
245 _aMoral Values Indian Perspective Vol. II
260 _aNew Delhi
_bShivalik Prakashan
_c2021
650 _aEthics
942 _cBK
999 _c68900
_d68900